| 000 | 005060000a22001570004500 | ||
|---|---|---|---|
| 090 |
_aAR _b01625 |
||
| 245 | 1 | 0 | _aNature conserved in changing landscapes with and without spatial planning |
| 650 | 1 | 4 |
_aEcología del paisaje _992227 |
| 650 | 1 | 4 |
_aManejo del paisaje _95185 |
| 650 | 1 | 4 |
_aModelación espacial _910316 |
| 041 | 0 | _aInglés | |
| 700 | 1 |
_aCollinge, Sharon K. _995018 |
|
| 100 | 1 |
_aForman, Richard T. T. _98069 |
|
| 942 | _cARTICULO | ||
| 773 | 1 |
_tLandscape and Urban Planning _3520 _h37 _q129-135 _d1997 |
|
| 999 |
_c10705 _d10705 |
||